LEADER 01108nam a2200253 u 4500 001 000000007382 003 CaOOAMICUS 005 20070226104958.0 008 940514s1952 gw u000 u ger u 035 $a10193144 040 $aCSt-Law$bita$cCSt-Law$dPUL(R) 100 1 $aSiber, Heinrich,$d1870-1951.$0(OLS)http://pul/name/7484 245 10$aRömisches Verfassungsrecht in geschichtlicher Entwicklung /$cHeinrich Siber. 260 $aLahr :$bM. Schauenburg,$c1952. 300 $a434 p. :$bport. ;$c23 cm 500 $aIncludes indexes. 504 $aBibliography: p. [389]-393. 651 0$aRome$xConstitutional law.$2//eng$0(OLS)http://pul/subject/6105 651 0$aRome$xConstitutional history.$2//eng$0(OLS)http://pul/subject/910 850 $aPUL 852 $aPUL$W1$xDP2 Diritto e Scienze Sociali 1$y65$m184 E 51$j10418$nBK-PRI$qStampati$B10418$CPULBib$Z2$F10418 $H15641 $82 941 1 $a8 996 $6245$aRömisches Verfassungsrecht in geschichtlicher Entwicklung$9(OLS)http://pul/title/10841 996 $6260$aLahr :$bM. Schauenburg$9(OLS)http://pul/publisher/51672 LEADER 01351nam a2200313 a 4500 001 000000143645 003 CaOOAMICUS 005 20150527140133.0 008 150527s2015 it u000 u ita r 020 $z978-88-21-746093* 040 $aPUL$bita 082 04$a348 245 00$aAssicurazioni private /$ca cura di Maurizio Hazan e Stefano Taurini. 260 $aMilanofiori Assago :$bWolters Kluwer,$c©2015. 300 $aXXVII, 1714 p. ;$c24 cm 490 1 $aItinera. Guide giuridiche. Assicurazioni 500 $aSul front.: Taurini & Hazan studio legale. 650 4$aAssicurazioni$zItalia$xDiritto.$0(OLS)http://pul/subject/27569 700 1 $aHazan, Maurizio.$0(OLS)http://pul/name/92298 700 1 $aTaurini, Stefano.$0(OLS)http://pul/name/92299 830 0$aItinera$pGuide giuridiche (Ipsoa).$pAssicurazioni.$0(OLS)http://pul/title/181743 850 $aPUL 852 $aPUL$W1$xSL Diritto e Scienze Sociali 3$y79$m348 COLL 3.8$j165731$qDDC 21$B166076$CPULBib$Z2$F166076 $H125937 $82 941 1 $a9 996 $6020$z978-88-21-746093*$9(OLS)http://pul/number/157676 996 $6082$a348$9(OLS)http://pul/classification/2532 996 $6245$aAssicurazioni private$9(OLS)http://pul/title/181742 996 $6260$aMilanofiori Assago :$bWolters Kluwer$9(OLS)http://pul/publisher/81463